banner-ar

HUMAN NEUROPHYSIOLOGY / (Record no. 10225)

MARC details
000 -الفاتح
حقل البيانات ثابتة الطول 00465nam a2200181Ia 4500
008 - عناصر البيانات ثابتة الطول - معلومات عامة
حقل البيانات ثابتة الطول 140319s9999 xx 000 0 eng d
040 ## - مصدر الفهرسة
وكالة الفهرسة الأصلية GCL /
وكالة النسخ GCL
082 04 - رقم تصنيف ديوى العشرى
رقم التصنيف 621.8
رقم المادة H H
100 1# - المدخل الرئيسى - إسم شخصى
الإسم الشخصى HOLMES, OLIVER
245 10 - بيان العنوان
العنوان HUMAN NEUROPHYSIOLOGY /
بيان المسئوليه,etc HOLMES, OLIVER
260 ## - PUBLICATION, DISTRIBUTION, ETC. (IMPRINT)
تاريخ النشر أو التوزيع 1993
300 ## - الوصف المادى
التعداد 487 P
650 04 - المدخل الاضافى بالموضوع-مصطلح موضوعى
مصطلح موضوعي PHYSIOLOGY
650 04 - المدخل الاضافى بالموضوع-مصطلح موضوعى
مصطلح موضوعي NERVOUS SYSTEM
650 04 - المدخل الاضافى بالموضوع-مصطلح موضوعى
مصطلح موضوعي NEURO-PHYSIOLOGY
942 ## - عناصر المدخل الإضافي( كوها)
مصدر التصنيف او مخطط الترفيف Dewey Decimal Classification
Koha [default] item type كتاب
260 ## - PUBLICATION, DISTRIBUTION, ETC. (IMPRINT)
-- [S.N] :
-- CHAPMAN AND HALL MEDICAL ،
Holdings
حالة التراجع حالة الفقد حالة تلف ليس للاعارة المكان المؤقت الموقع الحالى تاريخ الاكتساب اجمالي اﻻعارات رقم الطلب الباركود تاريخ اخر مشاهدة تاريخ تفعيل السعر نوع وعاء كوها
        مكتبة القاهرة الكبرى مكتبة القاهرة الكبرى 03/26/2014   621.8\H H 20851 03/26/2014 03/26/2014 كتاب

Powered By

EGPV